Southville International School and Colleges
Your cart is empty.
  • Cart
  • Lists
    Public lists Eva Luna New books Lux_list list_1
    Your lists Log in to create your own lists
  • Log in to your account
  • Your cookies
  • Search history
Southville International School and Colleges
  • Advanced search
  • Recent comments
  • Most popular
  • Libraries

Log in to your account

Log in with GOOGLE


If you do not have an external account, but do have a local account, you can still log in:

  1. Home
  2. MARC view: Coping ability as indicator of experiential learning of Filipino-American nursing students /
Normal view MARC view ISBD view

Coping ability as indicator of experiential learning of Filipino-American nursing students / (Record no. 284036)

[ view plain ]
MARC details
000 -LEADER
fixed length control field 00740nam a2200217Ia 4500
008 - FIXED-LENGTH DATA ELEMENTS--GENERAL INFORMATION
fixed length control field 150520s9999 xx 000 0 und d
050 ## - LIBRARY OF CONGRESS CALL NUMBER
Classification number RC 488.5
050 ## - LIBRARY OF CONGRESS CALL NUMBER
Item number .H378 2015
100 ## - MAIN ENTRY--PERSONAL NAME
Personal name Hartsock, Frishia SD.
245 ## - TITLE STATEMENT
Title Coping ability as indicator of experiential learning of Filipino-American nursing students /
245 ## - TITLE STATEMENT
Statement of responsibility, etc Frishia SD. Hartsock, Marian Andrea C. Maddela, Vilma B. Punsalan, Francesca Louise O. Sebastian .
260 ## - PUBLICATION, DISTRIBUTION, ETC. (IMPRINT)
Place of publication, distribution, etc Las Piñas, Philippines :
260 ## - PUBLICATION, DISTRIBUTION, ETC. (IMPRINT)
Name of publisher, distributor, etc SISC,
260 ## - PUBLICATION, DISTRIBUTION, ETC. (IMPRINT)
Date of publication, distribution, etc 2015.
300 ## - PHYSICAL DESCRIPTION
Extent 90 pages :
300 ## - PHYSICAL DESCRIPTION
Other physical details color illustrations ;
300 ## - PHYSICAL DESCRIPTION
Dimensions 28 cm.
500 ## - GENERAL NOTE
General note Includes bibliographical references and appendices.
650 ## - SUBJECT ADDED ENTRY--TOPICAL TERM
Topical term or geographic name as entry element Experiential Learning
650 ## - SUBJECT ADDED ENTRY--TOPICAL TERM
General subdivision Filipino-American

No items available.

Coping ability as indicator of experiential learning of Filipino-American nursing students /

APA

Hartsock F. S., .Coping ability as indicator of experiential learning of Filipino-American nursing students. Las Piñas, Philippines: .

Chicago

Hartsock Frishia SD, .Coping ability as indicator of experiential learning of Filipino-American nursing students. Las Piñas, Philippines: .

Harvard

Hartsock F. S., .Coping ability as indicator of experiential learning of Filipino-American nursing students. Las Piñas, Philippines: .

MLA

Hartsock Frishia SD, .Las Piñas, Philippines: . .

  • Print
  • Cite
  • Add to your cart (remove)
  • Save record
    BIBTEX Dublin Core MARCXML MARC (non-Unicode/MARC-8) MARC (Unicode/UTF-8) MARC (Unicode/UTF-8, Standard) MODS (XML) RIS
  • More searches
    Search for this title in:
    Other Libraries (WorldCat) Other Databases (Google Scholar) Online Stores (Bookfinder.com) Open Library (openlibrary.org)

Exporting to Dublin Core...

SOUTHVILLE LIBRARY

Southville International School and Colleges Library

1281 Tropical Ave. Cor. Luxembourg St., BF Homes International, Las Pinas City

Tel. No. 8256374 / 252358 Loc. 117/146

Powered by Koha